| 000 | 01317cam a22002175a 4500 | ||
|---|---|---|---|
| 001 | L159491 | ||
| 008 | 170801s2015 xxk f 000 0 eng d | ||
| 020 | _a9781844862207 | ||
| 035 | _a(Sirsi) u159491 | ||
| 041 | 0 | _aeng | |
| 050 | 0 | 4 | _a526.09 $2 18 |
| 100 | _aBlack, Jeremy | ||
| 245 | 0 | 0 |
_aMetropolis _bmapping the city |
| 260 |
_aLondon _bConway _c2015 |
||
| 300 |
_a224p. _bill _bmaps _c 29cm. |
||
| 520 | _aLooks at the development of the mapping and representation of the city revealing how we organize the urban space. From skyline profiles, bird's eye views and panoramas, to the schematic maps of transport networks and road layouts to help us navigate, and statistical maps that can provide information on human aspirations, cities can reveal themselves in many ways. Focusing on key points in the development of urban representation and including visions of the future of how we would be living today, this enlightening book illustrates some of the oldest, youngest, liveliest, and most contested cities in the world. Each map has a purpose and its design reflects this. Extended captions explain its relevance and elegance. | ||
| 651 | 4 | _aInternational | |
| 690 | _aENVIRONMENTAL AND LAND CONSULTANCY-GEOMATICS-MAPPING AND POSITIONING-CARTOGRAPHY | ||
| 700 | 1 | _aWesthorp, Christopher | |
| 942 | _n0 | ||
| 999 |
_c115950 _d115950 |
||